| 000 | 02010cam a22004694i 4500 | ||
|---|---|---|---|
| 003 | PE-LiUPU | ||
| 005 | 20250731172758.0 | ||
| 008 | 150617s1985 sp r 000 0 spa d | ||
| 020 | _a8425414954 | ||
| 035 | _a(Sirsi) i9788425414954 | ||
| 040 |
_aPE-LiUPU _bspa _cPE-LiUPU _erda |
||
| 049 | _aPRUA | ||
| 082 | 0 | 4 |
_a215.72 _bT47 _221 |
| 100 | 1 |
_aThielicke, Helmut, _eautor. _91530 |
|
| 245 | 1 | 0 |
_aEsencia del hombreensayo de antropología cristiana / _cHelmut Thielicke. |
| 264 | 1 |
_aBarcelona : _bHerder, _c1985. |
|
| 300 |
_a548 páginas ; _c21 centímetros. |
||
| 336 |
_atext _2rdacontent |
||
| 337 |
_aunmediated _2rdamedia |
||
| 338 |
_avolume _2rdacarrier |
||
| 490 | 1 |
_aBiblioteca Herder, sección de teología y filosofía ; _v173 |
|
| 505 | 0 | _aEl hombre, un problema por resolver -- El hombre, una cuestión insegura -- La nueva cuestión acerca del hombre desde esa inseguridad -- Hombre, historia, experiencia personal -- La influencia de la concepción moderna de la realidad sobre la antropología -- El hombre y la norma -- El hombre y la técnica. El hombre como "homo faber". Problemas antropológicos de la edad técnica -- El hombre y el tiempo -- Encuentro crítico con algunas concepciones antropológicas. | |
| 526 | _aSEG42 | ||
| 526 | _aSEG41 | ||
| 526 | _aSEG40 | ||
| 526 | _aSEG39 | ||
| 526 | _aP94 | ||
| 526 | _aP87 | ||
| 526 | _aP86 | ||
| 526 | _aP85 | ||
| 526 | _aP77 | ||
| 526 | _aP76 | ||
| 526 | _aP35 | ||
| 650 | 0 | 4 | _aAntropología teológica. |
| 910 |
_ajck _bjvq _cjck _d20150616 |
||
| 942 |
_2ddc _cBOOK |
||
| 949 |
_a215.72 T47 _wDEWEY _c1 _i27553 _d2016-10-5 _e2016-10-4 _lCCODEBUL1 _mBUL _n3 _r0 _sY _tBOOK _u2015-4-22 _xTEOLOGIA _PP35 _0COMPRA _o.STAFF. Colección Teología |
||
| 994 |
_aC0 _bPEPRU |
||
| 596 | _a1 | ||
| 999 |
_a215.72 T47 _wDEWEY _c3328 _i27553 _d3328 _e2016-10-4 _f2021-11-11 _g5 _lCCODEBUL1 _mBUL _n3 _p15.00 _q2 _r0 _sY _tBOOK _u2015-4-22 _xTEOLOGIA _PP35 _0COMPRA _o.STAFF. Colección Teología |
||
| 980 |
_81 _gALBERTO SANCHEZ Responsable de Automatización |
||